000 00632nam a22002177a 4500
003 UA-OsUOA
001 68698
007 ta
008 20100514b un ||||| |||| 00| 0 ukr d
090 _a821.161.1
_bД28
942 _cBK
040 _aUA-OsUOA
_brus
_cUA-OsUOA
_dUA-OsUOA
245 _aДекабристы
_bИзбранные сочинения
_cНемзера А. С., Проскурина О. А.
_n2
300 _a560 с.
955 _a3
041 _arus
080 _a821.161.1
260 _aМ.
_bПравда
_c1987
650 7 _a82 Література. Літературознавство
_2UDC
999 _c354957
_d354957